000 00331nam a2200145Ia 4500
008 150201s2004 xx 000 0 und d
082 _a611
_bA2004T
100 _aTHIBODEU,G.A.
245 _aANATOMY & PHYSIOLOGY
250 _a17TH
260 _bELSEVIER
_aDELHI
_c2004
300 _a1-1072
650 _aANATOMY
942 _2ddc
_cBK
999 _c3646
_d3646